[Event "SRB-chT2 Vojvodina"]
[Site "Palic"]
[Date "2024.11.04"]
[Round "10.2"]
[White "Savic, Miodrag R"]
[Black "Strbac, Mladen"]
[Result "1/2-1/2"]
[WhiteElo "2422"]
[BlackElo "2224"]
[PlyCount "38"]
[EventDate "2024.10.29"]
[EventType "team-tourn"]
[EventRounds "11"]
[EventCountry "SRB"]
[SourceTitle "CB45_2024"]
[Source "ChessBase"]
[SourceDate "2024.11.06"]
[SourceVersion "1"]
[SourceVersionDate "2024.11.06"]
[SourceQuality "1"]
[WhiteTeam "Dec"]
[BlackTeam "Krajisnik Krajina"]
[WhiteTeamCountry "SRB"]
[BlackTeamCountry "SRB"]

1. e4 e6 2. d4 d5 3. e5 c5 4. c3 Nc6 5. Nf3 Nge7 6. a3 cxd4 7. cxd4 Nf5 8. Nc3 Bd7 9. Be2 Nh4 10. Nxh4 Qxh4 11. Be3 Rc8 12. 0-0 Qd8 13. Bd3 Na5 14. Ne2 Nc4 15. Bc1 Qb6 16. b3 Na5 17. b4 Nc4 18. h4 Be7 19. g3 h6 1/2-1/2

[Event "SRB-chT2 Vojvodina"]
[Site "Palic"]
[Date "2024.10.30"]
[Round "3.3"]
[White "Runic, Zoran"]
[Black "Strbac, Mladen"]
[Result "0-1"]
[WhiteElo "2256"]
[BlackElo "2224"]
[PlyCount "108"]
[EventDate "2024.10.29"]
[EventType "team-tourn"]
[EventRounds "11"]
[EventCountry "SRB"]
[SourceTitle "CB45_2024"]
[Source "ChessBase"]
[SourceDate "2024.11.06"]
[SourceVersion "1"]
[SourceVersionDate "2024.11.06"]
[SourceQuality "1"]
[WhiteTeam "Mladenovo"]
[BlackTeam "Krajisnik Krajina"]
[WhiteTeamCountry "SRB"]
[BlackTeamCountry "SRB"]

1. e4 e6 2. d4 d5 3. e5 c5 4. c3 Nc6 5. Nf3 Qb6 6. Be2 cxd4 7. cxd4 Nge7 8. Nc3 Nf5 9. Na4 Qa5+ 10. Nc3 Qb6 11. Na4 Qa5+ 12. Bd2 Bb4 13. Bc3 Bxc3+ 14. Nxc3 Qb6 15. Bb5 Bd7 16. Bxc6 Bxc6 17. Qd2 Bb5 18. 0-0-0 h6 19. h4 0-0-0 20. h5 Kb8 21. Kb1 Rc8 22. g4 Ne7 23. Ne1 Rc4 24. Nc2 Rhc8 25. Rh3 Be8 26. f4 a5 27. Rf3 Bd7 28. Rd3 a4 29. Ne3 R4c7 30. a3 Bb5 31. Nxb5 Qxb5 32. f5 Nc6 33. Rc3 Na5 34. Rxc7 Rxc7 35. Qd3 Qb6 36. Rc1 Rxc1+ 37. Kxc1 Nb3+ 38. Kd1 Nxd4 39. Kc1 Qc7+ 40. Nc2 Nb3+ 41. Kd1 Qxe5 42. fxe6 fxe6 43. Qg6 Ka7 44. Qd3 Qxb2 45. Ke1 Qc1+ 46. Kf2 Qf4+ 47. Qf3 Qh2+ 48. Qg2 Qxg2+ 49. Kxg2 Kb6 50. Kg3 Kc5 51. g5 Nd4 52. Nb4 hxg5 53. Kg4 Nf5 54. Kxg5 Kc4 0-1

[Event "SRB-chT 2nd League"]
[Site "Vrnjacka Banja"]
[Date "2022.11.11"]
[Round "11.5"]
[White "Strbac, Mladen"]
[Black "Petakov, Uros"]
[Result "1/2-1/2"]
[WhiteElo "2290"]
[BlackElo "2212"]
[PlyCount "51"]
[EventDate "2022.11.04"]
[EventType "team-tourn"]
[EventRounds "11"]
[EventCountry "SRB"]
[SourceTitle "CBM 211 Extra"]
[Source "ChessBase"]
[SourceDate "2023.01.31"]
[SourceVersion "1"]
[SourceVersionDate "2023.01.31"]
[SourceQuality "1"]
[WhiteTeam "Krajisnik Krajina"]
[BlackTeam "Dec"]
[WhiteTeamCountry "SRB"]
[BlackTeamCountry "SRB"]

1. e4 g6 2. d4 c6 3. Nc3 Bg7 4. Be3 d6 5. Qd2 b5 6. Bd3 a5 7. Nce2 Qb6 8. f4 c5 9. dxc5 dxc5 10. e5 Bd7 11. Ng3 Na6 12. Qf2 Nh6 13. h3 0-0 14. Nf3 f5 15. 0-0 Rac8 16. c3 Qc6 17. a4 c4 18. axb5 Qxb5 19. Bc2 Nc5 20. Bxc5 Qxc5 21. Rfd1 Qc7 22. Ba4 Bxa4 23. Rxa4 Rfd8 24. Rd4 Rxd4 25. Qxd4 Nf7 26. Ne2 1/2-1/2

[Event "SRB-chT 2nd League"]
[Site "Vrnjacka Banja"]
[Date "2022.11.06"]
[Round "4.3"]
[White "Strbac, Mladen"]
[Black "Pajcin, Lav"]
[Result "1/2-1/2"]
[WhiteElo "2290"]
[BlackElo "2134"]
[PlyCount "67"]
[EventDate "2022.11.04"]
[EventType "team-tourn"]
[EventRounds "11"]
[EventCountry "SRB"]
[SourceTitle "CBM 211 Extra"]
[Source "ChessBase"]
[SourceDate "2023.01.31"]
[SourceVersion "1"]
[SourceVersionDate "2023.01.31"]
[SourceQuality "1"]
[WhiteTeam "Krajisnik Krajina"]
[BlackTeam "Gajdobra Hercegovac"]
[WhiteTeamCountry "SRB"]
[BlackTeamCountry "SRB"]

1. e4 c5 2. d4 cxd4 3. c3 dxc3 4. Nxc3 e6 5. Nf3 Nc6 6. Bc4 Bb4 7. Bd2 Nge7 8. e5 0-0 9. a3 Ba5 10. b4 Bc7 11. Qe2 d5 12. exd6 Bxd6 13. 0-0 Nd5 14. Rfd1 a6 15. Nxd5 exd5 16. Bg5 Bxh2+ 17. Kh1 Qc7 18. Bxd5 Bf4 19. Qe4 Bxg5 20. Nxg5 g6 21. Qh4 h5 22. Rac1 Bf5 23. Ne4 Bxe4 24. Qxe4 Kg7 25. Bxc6 bxc6 26. Rxc6 Qa7 27. Rdd6 f6 28. Qf4 Qb7 29. Qd4 Rad8 30. Qc5 Rxd6 31. Qxd6 Qb5 32. Kg1 Qe2 33. Qd4 Rf7 34. Qc4 1/2-1/2

[Event "Vojvodina-chT 21st"]
[Site "Backa Palanka"]
[Date "2021.10.28"]
[Round "8.3"]
[White "Rogac, Srdjan"]
[Black "Strbac, Mladen"]
[Result "1/2-1/2"]
[WhiteElo "2310"]
[BlackElo "2268"]
[PlyCount "29"]
[EventDate "2021.10.23"]
[EventType "team-tourn"]
[EventRounds "11"]
[EventCountry "SRB"]
[SourceTitle "CBM 204 Extra"]
[Source "ChessBase"]
[SourceDate "2021.11.30"]
[SourceVersion "1"]
[SourceVersionDate "2021.11.30"]
[SourceQuality "1"]
[WhiteTeam "Jazak Car Uros"]
[BlackTeam "Krajisnik Krajina"]
[WhiteTeamCountry "SRB"]
[BlackTeamCountry "SRB"]

1. c4 e5 2. Nc3 Nf6 3. Nf3 Nc6 4. d4 exd4 5. Nxd4 Bc5 6. Nxc6 dxc6 7. Qxd8+ Kxd8 8. Bg5 Be6 9. e3 Kc8 10. a3 a5 11. Be2 Nd7 12. 0-0 a4 13. Rfd1 Bf8 14. Rac1 Ra5 15. Bh4 1/2-1/2

[Event "Vojvodina-chT 21st"]
[Site "Backa Palanka"]
[Date "2021.10.24"]
[Round "2.2"]
[White "Strbac, Mladen"]
[Black "Balla, Tamas Kristof"]
[Result "1/2-1/2"]
[WhiteElo "2268"]
[BlackElo "2324"]
[PlyCount "112"]
[EventDate "2021.10.23"]
[EventType "team-tourn"]
[EventRounds "11"]
[EventCountry "SRB"]
[SourceTitle "CBM 204 Extra"]
[Source "ChessBase"]
[SourceDate "2021.11.30"]
[SourceVersion "1"]
[SourceVersionDate "2021.11.30"]
[SourceQuality "1"]
[WhiteTeam "Krajisnik Krajina"]
[BlackTeam "Senta"]
[WhiteTeamCountry "SRB"]
[BlackTeamCountry "SRB"]

1. e4 c5 2. d4 cxd4 3. c3 Nf6 4. e5 Nd5 5. Nf3 Nc6 6. Bc4 Nb6 7. Bb3 d5 8. exd6 Qxd6 9. Na3 a6 10. 0-0 Be6 11. Ng5 Nd8 12. Nxe6 Nxe6 13. Qf3 Qc6 14. Qxc6+ bxc6 15. Bxe6 fxe6 16. cxd4 g6 17. Re1 Bg7 18. Rxe6 Bxd4 19. Nc2 Bf6 20. Be3 Bxb2 21. Bxb6 Bxa1 22. Nxa1 Rb8 23. Ba5 Rb1+ 24. Re1 Rxe1+ 25. Bxe1 Kf7 26. Kf1 c5 27. Ke2 Ke6 28. Nc2 Rd8 29. Bc3 Kd5 30. Ne3+ Kc6 31. a4 Rb8 32. Kd3 Rf8 33. f3 Rf4 34. Nc4 Kd5 35. Nb2 e5 36. Ke3 Rf7 37. a5 Rb7 38. Kd3 Rb3 39. Nc4 Rb1 40. Ne3+ Kc6 41. Bxe5 Kb5 42. Bc3 Rg1 43. f4 Rh1 44. h3 Rg1 45. g4 Rg3 46. f5 gxf5 47. gxf5 Rxh3 48. Ke4 Kc6 49. Nd5 Rh2 50. f6 Re2+ 51. Kd3 Rf2 52. Ke4 Kd7 53. Nf4 Ke8 54. Ne6 Kf7 55. Nxc5 h5 56. Nd3 Rf1 1/2-1/2

[Event "Vojvodina-chT 2nd League"]
[Site "Backa Palanka"]
[Date "2020.10.20"]
[Round "6.5"]
[White "Strangar, Zlatko"]
[Black "Strbac, Mladen"]
[Result "0-1"]
[WhiteElo "2213"]
[BlackElo "2268"]
[PlyCount "93"]
[EventDate "2020.10.16"]
[EventType "team-tourn"]
[EventRounds "11"]
[EventCountry "SRB"]
[SourceTitle "EXT 2022"]
[Source "ChessBase"]
[SourceDate "2021.10.06"]
[SourceVersion "1"]
[SourceVersionDate "2021.10.06"]
[SourceQuality "1"]
[WhiteTeam "Sombor"]
[BlackTeam "Krajisnik Krajina"]
[WhiteTeamCountry "SRB"]
[BlackTeamCountry "SRB"]

1. e4 e6 2. d3 d5 3. Nd2 Nf6 4. Ngf3 b6 5. g3 dxe4 6. dxe4 Bb7 7. Qe2 Nc6 8. c3 a5 9. Bg2 Ba6 10. Nc4 e5 11. 0-0 Bc5 12. a4 0-0 13. Nfd2 Qd7 14. Kh1 Rad8 15. h3 Qd3 16. Re1 Qxe2 17. Rxe2 Rxd2 18. Rxd2 Bxc4 19. Bf3 Ne8 20. Be2 Bxe2 21. Rxe2 Nd6 22. Kg2 f6 23. Bd2 Nb7 24. Rd1 Rd8 25. Ree1 Kf7 26. Kf3 Ke6 27. Bc1 Bd6 28. Be3 Nc5 29. Ra1 Nb3 30. Rad1 Bc5 31. Rxd8 Nxd8 32. Bc1 Nb7 33. Ke2 Be7 34. f3 N7c5 35. Be3 Nxa4 36. Kd1 Nac5 37. Kc2 b5 38. Rd1 a4 39. Rd5 c6 40. Rd1 Nb7 41. h4 Bc5 42. Bxc5 N3xc5 43. h5 Nd6 44. Rh1 h6 45. Rd1 f5 46. exf5+ Nxf5 47. g4 0-1

[Event "Vojvodina-chT 2nd League"]
[Site "Backa Palanka"]
[Date "2020.10.17"]
[Round "2.5"]
[White "Gabric, Goran"]
[Black "Strbac, Mladen"]
[Result "1/2-1/2"]
[WhiteElo "2206"]
[BlackElo "2268"]
[PlyCount "104"]
[EventDate "2020.10.16"]
[EventType "team-tourn"]
[EventRounds "11"]
[EventCountry "SRB"]
[SourceTitle "EXT 2022"]
[Source "ChessBase"]
[SourceDate "2021.10.06"]
[SourceVersion "1"]
[SourceVersionDate "2021.10.06"]
[SourceQuality "1"]
[WhiteTeam "Backa Pacir"]
[BlackTeam "Krajisnik Krajina"]
[WhiteTeamCountry "SRB"]
[BlackTeamCountry "SRB"]

1. e4 e6 2. d4 d5 3. Nc3 Nf6 4. e5 Nfd7 5. f4 c5 6. Nf3 Nc6 7. Be3 Qb6 8. Qd2 Qxb2 9. Rb1 Qa3 10. Rb3 Qa5 11. Nb5 Rb8 12. c3 c4 13. Rb1 a6 14. Nd6+ Bxd6 15. exd6 Nf6 16. Qc2 Qa3 17. Ne5 Qxd6 18. g4 b5 19. g5 Nd7 20. Bh3 0-0 21. 0-0 f5 22. gxf6 gxf6 23. Kh1 Rb7 24. Rg1+ Kh8 25. Nxc6 Qxc6 26. Qg2 Nb6 27. f5 Qe8 28. Bh6 Rg8 29. Qxg8+ Qxg8 30. Rxg8+ Kxg8 31. fxe6 Re7 32. Rg1+ Kh8 33. Bf8 Rxe6 34. Bxe6 Bxe6 35. Re1 Bd7 36. Bh6 Kg8 37. Re7 Bf5 38. a3 Be4+ 39. Kg1 Na4 40. Bd2 f5 41. Ra7 f4 42. Rxa6 f3 43. Ra5 Nb2 44. Rxb5 Nd1 45. Be1 f2+ 46. Bxf2 Nxc3 47. Rb7 Bd3 48. Kg2 Nd1 49. a4 c3 50. Be1 c2 51. Bd2 Nc3 52. a5 Ne2 1/2-1/2

[Event "Vojvodina-chT"]
[Site "Kovacica"]
[Date "2019.11.07"]
[Round "10.4"]
[White "Strbac, Mladen"]
[Black "Muskinja, Luka"]
[Result "1-0"]
[WhiteElo "2292"]
[BlackElo "1810"]
[PlyCount "59"]
[EventDate "2019.11.01"]
[EventType "team-tourn"]
[EventRounds "11"]
[EventCountry "SRB"]
[SourceTitle "CBM 192 Extra"]
[Source "Chessbase"]
[SourceDate "2019.11.06"]
[SourceVersion "1"]
[SourceVersionDate "2019.11.06"]
[SourceQuality "1"]
[WhiteTeam "Krajisnik Krajina"]
[BlackTeam "Indija Sloga"]
[WhiteTeamCountry "SRB"]
[BlackTeamCountry "SRB"]

1. e4 c5 2. Nf3 g6 3. d4 Bg7 4. c4 cxd4 5. Nxd4 Nc6 6. Be3 Nf6 7. Nc3 d6 8. f3 Bd7 9. Qd2 a6 10. Nc2 Qa5 11. Be2 Rc8 12. Rc1 Ne5 13. b4 Qc7 14. Na3 0-0 15. 0-0 Rfd8 16. Bd4 Be6 17. Qe3 Qd7 18. Bxe5 dxe5 19. Rfd1 Qe8 20. Nd5 Bxd5 21. cxd5 Qa4 22. Nc4 Nd7 23. a3 h5 24. Nb2 Bh6 25. Qxh6 Qxa3 26. Qd2 Nb6 27. h4 Qb3 28. Rc5 Nd7 29. Bc4 Qa3 30. Ra5 1-0

[Event "Vojvodina-chT"]
[Site "Kovacica"]
[Date "2019.11.06"]
[Round "8.4"]
[White "Strbac, Mladen"]
[Black "Stankovic, Milos M"]
[Result "1/2-1/2"]
[WhiteElo "2292"]
[BlackElo "1944"]
[PlyCount "58"]
[EventDate "2019.11.01"]
[EventType "team-tourn"]
[EventRounds "11"]
[EventCountry "SRB"]
[SourceTitle "CBM 192 Extra"]
[Source "Chessbase"]
[SourceDate "2019.11.06"]
[SourceVersion "1"]
[SourceVersionDate "2019.11.06"]
[SourceQuality "1"]
[WhiteTeam "Krajisnik Krajina"]
[BlackTeam "Nova Pazova Mladost"]
[WhiteTeamCountry "SRB"]
[BlackTeamCountry "SRB"]

1. e4 g6 2. d4 Bg7 3. Nc3 d6 4. f4 Nf6 5. Bd3 0-0 6. Nf3 c5 7. dxc5 dxc5 8. e5 Nd5 9. Nxd5 Qxd5 10. Qe2 Bf5 11. Bc4 Qe4 12. Be3 Nc6 13. Ng5 Qxc2 14. Qxc2 Bxc2 15. Rc1 Bf5 16. Bxc5 h6 17. Nf3 Rfd8 18. Bb5 e6 19. Bxc6 bxc6 20. Kf2 Be4 21. Rhd1 Bf8 22. Rxd8 Rxd8 23. Ke3 Bd5 24. b3 a5 25. Bxf8 Kxf8 26. Rc5 Ra8 27. g3 a4 28. Nd4 axb3 29. axb3 Rb8 1/2-1/2

[Event "SRB-chT"]
[Site "Valjevo"]
[Date "2018.09.02"]
[Round "3.1"]
[White "Kovacevic, Aleksandar"]
[Black "Strbac, Mladen"]
[Result "1-0"]
[WhiteElo "2489"]
[BlackElo "2320"]
[PlyCount "63"]
[EventDate "2018.08.31"]
[EventType "team-tourn"]
[EventRounds "11"]
[EventCountry "SRB"]
[SourceTitle "CBM 186 Extra"]
[Source "ChessBase"]
[SourceDate "2018.08.24"]
[SourceVersion "1"]
[SourceVersionDate "2018.08.24"]
[SourceQuality "1"]
[WhiteTeam "Novi Sad"]
[BlackTeam "Krajisnik Krajina"]
[WhiteTeamCountry "SRB"]
[BlackTeamCountry "SRB"]

1. d4 e6 2. Bf4 Nf6 3. Nf3 b6 4. e3 Bb7 5. Bd3 Be7 6. h3 d6 7. Nbd2 Nbd7 8. e4 d5 9. e5 Ne4 10. Qe2 Nxd2 11. Bxd2 c5 12. c3 c4 13. Bc2 b5 14. h4 h6 15. h5 Nb8 16. Nh2 Kd7 17. 0-0 Qg8 18. f4 Nc6 19. f5 Nd8 20. Ng4 exf5 21. Rxf5 Kc7 22. Qf3 Qe8 23. Rf1 a5 24. Ne3 Qd7 25. Qg3 Kb6 26. Qxg7 Ne6 27. Qg4 Rag8 28. Qe2 Rg3 29. Rxf7 Rhg8 30. Nf5 Rxg2+ 31. Qxg2 Rxg2+ 32. Kxg2 1-0

[Event "SRB-chT"]
[Site "Kragujevac"]
[Date "2015.08.28"]
[Round "9.3"]
[White "Strbac, Mladen"]
[Black "Bogosavljevic, Boban"]
[Result "0-1"]
[WhiteElo "2332"]
[BlackElo "2520"]
[PlyCount "70"]
[EventDate "2015.08.20"]
[EventType "team-tourn"]
[EventRounds "11"]
[EventCountry "YUG"]
[SourceTitle "EXT 2016"]
[Source "ChessBase"]
[SourceDate "2015.10.08"]
[SourceVersion "1"]
[SourceVersionDate "2015.10.08"]
[SourceQuality "1"]
[WhiteTeam "Krajisnik Krajina"]
[BlackTeam "Goracici Jelica"]
[WhiteTeamCountry "SRB"]
[BlackTeamCountry "SRB"]

1. e4 e5 2. Nf3 d6 3. d4 exd4 4. Qxd4 a6 5. Bf4 Nc6 6. Qe3 Nge7 7. Nc3 h6 8. h4 Be6 9. 0-0-0 g6 10. Nd4 Bg7 11. Nxe6 fxe6 12. Bc4 e5 13. Bh2 Qd7 14. Nd5 b5 15. Bf1 0-0 16. Nxe7+ Qxe7 17. Bg1 Nd4 18. Kb1 Kh8 19. Qd2 c5 20. c3 Ne6 21. f3 Rad8 22. Be3 Kh7 23. Bd3 c4 24. Bc2 Nf4 25. g3 Nd3 26. Qg2 d5 27. Bxd3 cxd3 28. Rd2 Qf6 29. Bc5 dxe4 30. fxe4 Rf7 31. Rf2 Qe6 32. Rxf7 Qxf7 33. Rd1 Qc4 34. Bb4 a5 35. Bxa5 Qa4 0-1

[Event "SRB-chT"]
[Site "Kragujevac"]
[Date "2015.08.26"]
[Round "7.4"]
[White "Strbac, Mladen"]
[Black "Radovanovic, Nikola"]
[Result "0-1"]
[WhiteElo "2332"]
[BlackElo "2415"]
[PlyCount "80"]
[EventDate "2015.08.20"]
[EventType "team-tourn"]
[EventRounds "11"]
[EventCountry "YUG"]
[SourceTitle "EXT 2016"]
[Source "ChessBase"]
[SourceDate "2015.10.08"]
[SourceVersion "1"]
[SourceVersionDate "2015.10.08"]
[SourceQuality "1"]
[WhiteTeam "Krajisnik Krajina"]
[BlackTeam "Kragujevac Radnicki"]
[WhiteTeamCountry "SRB"]
[BlackTeamCountry "SRB"]

1. e4 c5 2. Nf3 e6 3. d4 cxd4 4. Nxd4 Nf6 5. Bd3 Nc6 6. Nxc6 bxc6 7. 0-0 d5 8. Nd2 Be7 9. Re1 0-0 10. c4 a5 11. e5 Nd7 12. Qh5 g6 13. Qe2 Ba6 14. cxd5 Bxd3 15. Qxd3 cxd5 16. Nb3 a4 17. Nd4 Qb6 18. Be3 Nxe5 19. Qc3 Bf6 20. Nf5 Qa5 21. Ne7+ Kg7 22. Qc1 Ng4 23. Nc6 Qa6 24. Bd4 Rfc8 25. Qf4 Rxc6 26. Qxg4 Bxd4 27. Qxd4+ Kg8 28. h4 Rc4 29. Qf6 Qd6 30. g3 Qd8 31. Qe5 h5 32. b3 axb3 33. axb3 Rb4 34. Rxa8 Qxa8 35. Qd6 Rxb3 36. Qf4 Qb8 37. Qc1 d4 38. Qc4 Rb1 39. Rxb1 Qxb1+ 40. Kh2 Qb2 0-1